banner koha

Balanço hídrico da cultura da mamona sob condições de sequeiro (Registro n. 229923)

MARC details
000 -LÍDER
campo de controle de tamanho fixo 01000nas a2200313 4500
001 - NÚMERO DE CONTROLE
campo de controle BR2013003331
003 - IDENTIFICADOR DO NÚMERO DE CONTROLE
campo de controle BR-BrBNA
005 - DATA E HORÁRIO DA ÚLTIMA TRANSAÇÃO
campo de controle 20231205122657.0
007 - CAMPO FIXO DE DESCRIÇÃO FÍSICA--INFORMAÇÃO GERAL
campo de controle de tamanho fixo ta
008 - CAMPO DE DADOS FIXOS--INFORMAÇÃO GERAL
campo de controle de tamanho fixo 230509b bl.|||p| |||| 00| 00por d
040 ## - FONTE DA CATALOGAÇÃO
Instituição da catalogação original BR-BrBNA
Idioma da catalogação por
Instituição que transcreveu o registro Biblioteca Nacional de Agricultura
041 ## - CÓDIGO DE IDIOMA
Código do idioma do texto/trilha sonora ou título diferente (Pt)
072 ## - CÓDIGO DE CATEGORIA DE ASSUNTO
Código de Categoria de Assunto P33; F60; P10
100 1# - ENTRADA PRINCIPAL--NOME PESSOAL
Nome pessoal Souza, C. de
100 1# - ENTRADA PRINCIPAL--NOME PESSOAL
Nome pessoal Andrade, A.P. de
100 1# - ENTRADA PRINCIPAL--NOME PESSOAL
Nome pessoal Lima, J.R. de S.
100 1# - ENTRADA PRINCIPAL--NOME PESSOAL
Nome pessoal Antonino, A.C.D.
100 1# - ENTRADA PRINCIPAL--NOME PESSOAL
Nome pessoal Souza, E.S. de
100 1# - ENTRADA PRINCIPAL--NOME PESSOAL
Nome pessoal Silva, I. de F. da
245 1# - TÍTULO
Título Balanço hídrico da cultura da mamona sob condições de sequeiro
650 ## - ASSUNTO--TERMO TÓPICO
Cabeçalho tópico ou nome geográfico RICINUS COMMUNIS
650 ## - ASSUNTO--TERMO TÓPICO
Cabeçalho tópico ou nome geográfico EVAPOTRANSPIRAÇÃO
650 ## - ASSUNTO--TERMO TÓPICO
Cabeçalho tópico ou nome geográfico DRENAGEM
650 ## - ASSUNTO--TERMO TÓPICO
Cabeçalho tópico ou nome geográfico UMIDADE DO SOLO
773 0# - ENTRADA ANALÍTICA
Título Revista Brasileira de Engenharia Agrícola e Ambiental (Brazil)
ISSN - International Standard Serial Number ISSN 1807-1929
Partes relacionadas (Jan 2013), V. 17(1) p. 3-10
Número de controle do registro BR2013003331
856 40 - LOCALIZAÇÃO ELETRÔNICA E ACESSO
Uniform Resource Identifier <a href="http://www.scielo.br/pdf/rbeaa/v17n1/v17n01a01.pdf">http://www.scielo.br/pdf/rbeaa/v17n1/v17n01a01.pdf</a>
909 ## -
-- 202311
-- Lúcia
-- 55
-- Lúcia Elande
942 ## - ELEMENTOS DE ENTRADA ADICIONADOS (KOHA)
Fonte da classificação ou esquema de arquivamento na estante Classificação AGRIS
Ocultar no OPAC Não
Tipo de material Koha Analítica
Exemplares
Situação do descarte Fonte da classificação ou esquema de arquivamento na estante Situação física Não pode ser emprestado Biblioteca de origem Biblioteca atual Localização na estante Enumeração do periódico / cronologia Total de empréstimos Data de último acesso Número do exemplar Tipo de material Koha Fonte de aquisição
  Classificação AGRIS   Consulta local Biblioteca Nacional de Agricultura - Binagri Biblioteca Nacional de Agricultura - Binagri   (Jan 2013), V. 17(1) p. 3-10   29/11/2023 01 Periódicos Portaria Interministerial nº 164/94

BINAGRI

Telefone: (61)3218-2567/2388/3357/2097 - binagri@agro.gov.br

Ministério da Agricultura e Pecuária , Esplanada dos Ministérios, Bloco D, Anexo B, Brasília/DF, CEP: 70.043-900